000 00233nam a2200109Ia 4500
008 230320s9999||||xx |||||||||||||| ||spa||
082 _a182/A55
100 _aAnaxagoras
245 0 _aFragmentos
260 _bAguilar
942 _80
_cLIB
999 _c26094
_d26094